000 00502ntaaa2200181 4500
003 01
005 20251027201435.0
008 0714s1973 ag 01
040 _aAR-BaBN
_bspa
_cAR-BaBN
_eaacr
_dRIC
082 _a226.0000 R24
100 _aReboli, José J.
_913016
245 _aLos Cuatro Evangelios
250 _a1 ed.
260 _aBuenos Aires :
_bEditorial Kraft,
_c1956
300 _a619 p.
500 _aIlustrado con xilografías de Víctor Delhez y contiene una carta de Pío XII
942 _cBK
999 _c8941
_d8941